| 000 | 00436nam a2200181Ia 4500 | ||
|---|---|---|---|
| 003 | 0100 | ||
| 005 | 20150106114651.0 | ||
| 008 | 130303s9999 xx 000 0 und d | ||
| 040 | _cARRUPELIB | ||
| 050 | _aQC16.E5S3 1951 | ||
| 245 | _aAlbert Einstein | ||
| 245 | _bphilosopher scientist | ||
| 260 | _aNY | ||
| 260 | _bTudor Pub. Co. | ||
| 300 | _a781p | ||
| 700 |
_aSchilpp, Paul Arthur (ed.) _913515 |
||
| 942 | 0 | 0 |
_06 _2lcc _cMONOGRAPH |
| 999 |
_c55293 _d55293 |
||